000 nam a22 7a 4500
999 _c331979
_d331979
003 NUST
005 20171106120637.0
008 171106b xxu||||| |||| 00| 0 eng d
020 _a9781843393139
040 _c0
082 _a628.1662 SON
100 _aSonntag,Clemens Von
_96000
245 _aChemistry of Ozone in Water and Wastewater Treatment:
_bfrom basic principles to applications
_cClemens Von Sonntag
260 _aUK
_bIWA
_c2012
300 _a302p.
500 _aH.B
942 _2ddc
_cBK
_kIESE